[Event "World Prestigious University 2019"]
[Site "Tianjin"]
[Date "2019.11.29"]
[Round "10.13"]
[White "Theodorou, Nikolas"]
[Black "Kukhmazov, Arsen"]
[Result "1-0"]
[WhiteElo "2555"]
[BlackElo "2377"]
[PlyCount "77"]
[EventDate "2019.11.26"]
[EventType "team-tourn"]
[EventCountry "CHN"]
[TimeControl "1500+10"]
[WhiteClock "0:00:43"]
[BlackClock "0:04:13"]

1. e4 {[%emt 0:00:00]} c6 {[%emt 0:00:00]} 2. Nf3 {[%emt 0:00:00]} d5 {[%emt 0:00:00]} 3. d3 {[%emt 0:00:00]} g6 {[%emt 0:00:06]} 4. e5 {[%emt 0:00:06]} Bg7 {[%emt 0:00:01]} 5. d4 {[%emt 0:00:02]} Bg4 {[%emt 0:00:39]} 6. Nbd2 {[%emt 0:00:11]} e6 {[%emt 0:00:27]} 7. h3 Bxf3 {[%emt 0:00:02]} 8. Nxf3 {[%emt 0:00:29]} c5 {[%emt 0:01:02]} 9. Bb5+ {[%emt 0:00:29]} Nc6 {[%emt 0:00:02]} 10. O-O {[%emt 0:00:23]} Qb6 {[%emt 0:04:07]} 11. c4 {[%emt 0:01:52]} dxc4 {[%emt 0:00:19]} 12. Qa4 {[%emt 0:01:05]} Nge7 {[%emt 0:00:39]} 13. dxc5 {[%emt 0:00:03]} Qc7 {[%emt 0:00:49]} 14. Re1 {[%emt 0:01:19]} O-O {[%emt 0:00:02]} 15. Bxc6 {[%emt 0:01:53]} Nxc6 {[%emt 0:02:45]} 16. Bf4 {[%emt 0:01:30]} Rfd8 {[%emt 0:05:05]} 17. Qxc4 {[%emt 0:01:21]} Rd5 18. b4 {[%emt 0:02:53]} Rad8 {[%emt 0:00:57]} 19. Bg3 {[%emt 0:04:25]} Nd4 {[%emt 0:01:29]} 20. Qc3 {[%emt 0:00:00]} Nf5 21. Bf4 {[%emt 0:00:00]} h6 {[%emt 0:07:30]} 22. Qc2 {[%emt 0:00:00]} Nd4 23. Qe4 {[%emt 0:00:00]} g5 24. Bg3 {[%emt 0:01:07]} Qd7 {[%emt 0:01:55]} 25. h4 {[%emt 0:00:00]} Nxf3+ {[%emt 0:00:00]} 26. Qxf3 {[%emt 0:00:00]} Rd3 {[%emt 0:00:00]} 27. Re3 {[%emt 0:02:55]} Rd1+ {[%emt 0:00:00]} 28. Rxd1 {[%emt 0:00:08]} Qxd1+ {[%emt 0:00:00]} 29. Qxd1 {[%emt 0:00:01]} Rxd1+ {[%emt 0:00:00]} 30. Kh2 {[%emt 0:00:02]} gxh4 {[%emt 0:00:00]} 31. Bxh4 {[%emt 0:00:01]} Rd4 {[%emt 0:00:00]} 32. Be7 {[%emt 0:00:01]} Rd2 {[%emt 0:01:39]} 33. f4 {[%emt 0:01:51]} Rxa2 {[%emt 0:00:27]} 34. Rd3 {[%emt 0:01:02]} Rc2 {[%emt 0:00:14]} 35. b5 {[%emt 0:01:52]} Rb2 {[%emt 0:00:19]} 36. c6 {[%emt 0:00:11]} bxc6 {[%emt 0:00:00]} 37. bxc6 {[%emt 0:00:02]} Rc2 {[%emt 0:00:01]} 38. Rd8+ {[%emt 0:00:01]} Kh7 {[%emt 0:00:01]} 39. Rc8 {[%emt 0:00:02]} 1-0

[Event "World Prestigious University 2019"]
[Site "Tianjin"]
[Date "2019.11.29"]
[Round "10.14"]
[White "Tarasov, Alexandr"]
[Black "Chandra, Akshat"]
[Result "0-1"]
[WhiteElo "2348"]
[BlackElo "2524"]
[PlyCount "100"]
[EventDate "2019.11.26"]
[EventType "team-tourn"]
[EventCountry "CHN"]
[TimeControl "1500+10"]
[WhiteClock "0:00:31"]
[BlackClock "0:00:12"]

1. c4 {[%emt 0:00:00]} e6 {[%emt 0:00:12]} 2. Nc3 {[%emt 0:00:10]} d5 {[%emt 0:00:04]} 3. d4 {[%emt 0:00:01]} a6 {[%emt 0:00:32]} 4. cxd5 {[%emt 0:01:51]} exd5 {[%emt 0:00:04]} 5. Bf4 {[%emt 0:00:29]} c6 {[%emt 0:00:10]} 6. e3 {[%emt 0:01:08]} Bd6 {[%emt 0:00:08]} 7. Bd3 {[%emt 0:03:25]} Ne7 {[%emt 0:01:37]} 8. Bxd6 {[%emt 0:03:05]} Qxd6 {[%emt 0:00:03]} 9. Nge2 {[%emt 0:00:01]} Bf5 {[%emt 0:00:31]} 10. f3 {[%emt 0:00:56]} O-O {[%emt 0:01:01]} 11. O-O {[%emt 0:01:24]} Nd7 {[%emt 0:00:53]} 12. e4 {[%emt 0:00:42]} dxe4 {[%emt 0:00:03]} 13. fxe4 {[%emt 0:00:02]} Bg4 {[%emt 0:00:39]} 14. e5 {[%emt 0:01:19]} Qh6 {[%emt 0:00:28]} 15. Qc2 {[%emt 0:02:35]} c5 {[%emt 0:01:11]} 16. Qc1 {[%emt 0:07:40]} Qxc1 {[%emt 0:00:57]} 17. Raxc1 {[%emt 0:00:02]} cxd4 {[%emt 0:00:06]} 18. Nxd4 {[%emt 0:00:05]} Nxe5 {[%emt 0:00:06]} 19. Be4 {[%emt 0:00:01]} Rad8 {[%emt 0:00:21]} 20. Nb3 {[%emt 0:00:17]} b5 {[%emt 0:05:30]} 21. Nc5 {[%emt 0:00:23]} Bc8 {[%emt 0:00:05]} 22. b4 {[%emt 0:01:05]} Rd4 {[%emt 0:00:15]} 23. a4 {[%emt 0:01:47]} bxa4 {[%emt 0:01:59]} 24. N3xa4 {[%emt 0:00:03]} Rxb4 {[%emt 0:00:35]} 25. Rb1 {[%emt 0:00:01]} Rd4 {[%emt 0:01:27]} 26. Rfd1 {[%emt 0:00:08]} Rc4 {[%emt 0:02:37]} 27. Rdc1 {[%emt 0:00:09]} Rxc1+ {[%emt 0:00:13]} 28. Rxc1 {[%emt 0:00:01]} Rd8 {[%emt 0:01:45]} 29. Nb6 {[%emt 0:00:11]} g6 {[%emt 0:00:25]} 30. Nxc8 {[%emt 0:00:25]} Rxc8 {[%emt 0:00:45]} 31. Bb7 {[%emt 0:00:02]} Rd8 {[%emt 0:00:57]} 32. Bxa6 {[%emt 0:00:15]} Nf5 {[%emt 0:00:35]} 33. Re1 {[%emt 0:00:07]} Rd5 {[%emt 0:00:16]} 34. Ne4 {[%emt 0:00:04]} Kg7 {[%emt 0:00:02]} 35. Bf1 {[%emt 0:00:27]} h5 {[%emt 0:00:03]} 36. Nc3 {[%emt 0:00:18]} Rc5 {[%emt 0:00:09]} 37. Ne4 {[%emt 0:00:05]} Ra5 {[%emt 0:00:16]} 38. Nf2 {[%emt 0:00:17]} Rd5 {[%emt 0:00:29]} 39. Rd1 {[%emt 0:00:15]} Ra5 {[%emt 0:00:04]} 40. Re1 {[%emt 0:00:00]} Kf8 {[%emt 0:00:28]} 41. Nd3 {[%emt 0:00:10]} Ng4 {[%emt 0:00:04]} 42. Be2 {[%emt 0:00:11]} Nge3 {[%emt 0:00:30]} 43. Bf3 {[%emt 0:00:02]} Ra2 {[%emt 0:00:09]} 44. Be4 {[%emt 0:00:08]} Rd2 {[%emt 0:00:19]} 45. Bxf5 {[%emt 0:00:11]} Nxg2 {[%emt 0:02:01]} 46. Re5 {[%emt 0:00:31]} Nh4 {[%emt 0:00:32]} 47. Be4 {[%emt 0:00:08]} Rxd3 {[%emt 0:00:26]} 48. Kf2 {[%emt 0:00:12]} Rd4 {[%emt 0:00:43]} 49. Kg3 {[%emt 0:00:09]} f6 {[%emt 0:00:02]} 50. Re6 {[%emt 0:00:10]} Kf7 {[%emt 0:00:02]} 0-1

[Event "World Prestigious University 2019"]
[Site "Tianjin"]
[Date "2019.11.29"]
[Round "10.15"]
[White "Derakhshani, Dorsa"]
[Black "Bogachkova, Alena"]
[Result "1-0"]
[WhiteElo "2277"]
[BlackElo "2080"]
[PlyCount "73"]
[EventDate "2019.11.26"]
[EventType "team-tourn"]
[EventCountry "CHN"]
[TimeControl "1500+10"]
[WhiteClock "0:00:22"]
[BlackClock "0:05:04"]

1. e4 {[%emt 0:00:00]} c5 {[%emt 0:00:00]} 2. Nf3 {[%emt 0:00:00]} Nc6 {[%emt 0:00:00]} 3. d4 {[%emt 0:00:00]} cxd4 {[%emt 0:00:00]} 4. Nxd4 {[%emt 0:00:00]} e5 {[%emt 0:00:00]} 5. Nb5 {[%emt 0:00:02]} d6 {[%emt 0:00:00]} 6. c4 {[%emt 0:00:13]} Be7 {[%emt 0:00:00]} 7. N1c3 {[%emt 0:00:11]} a6 {[%emt 0:00:01]} 8. Na3 {[%emt 0:00:02]} Nf6 {[%emt 0:00:02]} 9. Be3 {[%emt 0:00:11]} O-O {[%emt 0:00:08]} 10. Qd2 {[%emt 0:01:12]} Ng4 {[%emt 0:03:24]} 11. Nd5 {[%emt 0:02:15]} Nxe3 {[%emt 0:01:15]} 12. Qxe3 {[%emt 0:01:29]} Bg5 {[%emt 0:00:35]} 13. Qb6 {[%emt 0:02:53]} Nd4 {[%emt 0:03:28]} 14. Bd3 {[%emt 0:03:02]} Be6 {[%emt 0:02:25]} 15. Qxd8 {[%emt 0:01:15]} Bxd8 {[%emt 0:00:02]} 16. Ne3 {[%emt 0:01:14]} Ba5+ {[%emt 0:00:37]} 17. Kf1 {[%emt 0:00:02]} Rac8 {[%emt 0:02:18]} 18. b3 {[%emt 0:00:12]} g6 {[%emt 0:00:41]} 19. Nac2 {[%emt 0:03:01]} Bb6 {[%emt 0:06:09]} 20. Nb4 {[%emt 0:02:34]} f5 {[%emt 0:01:19]} 21. Nbd5 {[%emt 0:00:51]} Bd8 {[%emt 0:00:02]} 22. exf5 {[%emt 0:00:34]} gxf5 {[%emt 0:00:30]} 23. f4 {[%emt 0:00:12]} e4 {[%emt 0:01:00]} 24. Be2 {[%emt 0:00:17]} b5 {[%emt 0:01:50]} 25. Rd1 {[%emt 0:00:22]} Nxe2 {[%emt 0:00:29]} 26. Kxe2 {[%emt 0:00:03]} bxc4 {[%emt 0:00:11]} 27. Nxc4 {[%emt 0:00:07]} Rc5 {[%emt 0:00:22]} 28. Nce3 {[%emt 0:00:23]} Bf7 {[%emt 0:01:17]} 29. Rd2 {[%emt 0:00:29]} Bh5+ {[%emt 0:00:49]} 30. Kf2 {[%emt 0:00:25]} Kf7 {[%emt 0:00:31]} 31. Nxf5 {[%emt 0:00:35]} Kg6 {[%emt 0:00:07]} 32. Nxd6 {[%emt 0:00:42]} Ba5 {[%emt 0:00:12]} 33. b4 {[%emt 0:00:31]} Rxd5 {[%emt 0:00:13]} 34. Rxd5 {[%emt 0:00:02]} Bxb4 {[%emt 0:00:14]} 35. Rg5+ {[%emt 0:00:29]} Kf6 {[%emt 0:00:22]} 36. Nxe4+ {[%emt 0:00:02]} Ke6 {[%emt 0:00:05]} 37. Rxh5 {[%emt 0:00:14]} 1-0

[Event "World Prestigious University 2019"]
[Site "Tianjin"]
[Date "2019.11.29"]
[Round "10.16"]
[White "Isakov, Michael"]
[Black "Weichao, Chu"]
[Result "0-1"]
[WhiteElo "2162"]
[BlackElo "2423"]
[PlyCount "133"]
[EventDate "2019.11.26"]
[EventType "team-tourn"]
[EventCountry "CHN"]
[TimeControl "1500+10"]
[WhiteClock "0:02:46"]
[BlackClock "0:01:53"]

1. d4 {[%emt 0:00:00]} Nf6 {[%emt 0:00:00]} 2. Nf3 {[%emt 0:00:00]} g6 {[%emt 0:00:00]} 3. c4 {[%emt 0:00:00]} Bg7 {[%emt 0:00:00]} 4. Nc3 {[%emt 0:00:00]} d5 {[%emt 0:00:01]} 5. Qb3 {[%emt 0:00:00]} c6 {[%emt 0:01:07]} 6. Bf4 {[%emt 0:02:27]} dxc4 {[%emt 0:00:26]} 7. Qxc4 {[%emt 0:00:18]} Be6 {[%emt 0:00:33]} 8. Qd3 {[%emt 0:02:58]} Nd5 {[%emt 0:01:44]} 9. Nxd5 {[%emt 0:01:45]} cxd5 {[%emt 0:03:15]} 10. Qb3 {[%emt 0:00:13]} Qa5+ {[%emt 0:00:53]} 11. Bd2 {[%emt 0:01:18]} Qb6 {[%emt 0:00:01]} 12. e3 {[%emt 0:00:13]} Nc6 {[%emt 0:00:03]} 13. Bd3 {[%emt 0:01:54]} O-O {[%emt 0:01:56]} 14. O-O {[%emt 0:00:10]} Bg4 {[%emt 0:00:02]} 15. Qxd5 {[%emt 0:03:55]} Rad8 {[%emt 0:00:05]} 16. Qb5 {[%emt 0:02:11]} Bxf3 {[%emt 0:00:03]} 17. gxf3 {[%emt 0:01:38]} Nxd4 {[%emt 0:00:39]} 18. exd4 {[%emt 0:02:50]} Qxd4 {[%emt 0:00:03]} 19. Be3 {[%emt 0:02:05]} Qxd3 {[%emt 0:00:07]} 20. Qxb7 {[%emt 0:00:01]} Rd7 {[%emt 0:01:55]} 21. Qb4 {[%emt 0:00:36]} Qf5 {[%emt 0:01:30]} 22. Kg2 {[%emt 0:00:01]} a5 {[%emt 0:00:27]} 23. Qg4 {[%emt 0:01:42]} Qd5 {[%emt 0:02:20]} 24. Rfd1 {[%emt 0:00:37]} Qxd1 {[%emt 0:00:05]} 25. Rxd1 {[%emt 0:00:01]} Rxd1 {[%emt 0:00:02]} 26. Qa4 {[%emt 0:00:38]} Rd5 {[%emt 0:01:09]} 27. b4 {[%emt 0:00:00]} axb4 {[%emt 0:00:43]} 28. Qxb4 {[%emt 0:00:01]} e6 {[%emt 0:00:02]} 29. a4 {[%emt 0:00:23]} Ra8 {[%emt 0:00:04]} 30. Bb6 {[%emt 0:00:10]} Bf8 {[%emt 0:00:01]} 31. Qe4 {[%emt 0:00:11]} Be7 {[%emt 0:00:44]} 32. Bc7 {[%emt 0:00:28]} Rc8 {[%emt 0:03:04]} 33. Bf4 {[%emt 0:00:16]} Bf6 {[%emt 0:00:20]} 34. Be3 {[%emt 0:00:03]} h5 {[%emt 0:01:04]} 35. Qb4 {[%emt 0:00:06]} Ra8 {[%emt 0:00:26]} 36. Bb6 {[%emt 0:00:01]} Rb8 {[%emt 0:00:21]} 37. a5 {[%emt 0:00:08]} Bd8 {[%emt 0:00:47]} 38. Qf4 {[%emt 0:00:02]} Ra8 {[%emt 0:00:01]} 39. Bxd8 {[%emt 0:01:03]} Raxd8 {[%emt 0:01:25]} 40. Qc7 {[%emt 0:00:05]} R5d7 {[%emt 0:00:02]} 41. Qb6 {[%emt 0:00:34]} Ra8 {[%emt 0:00:09]} 42. Kg3 {[%emt 0:00:02]} Rda7 {[%emt 0:00:06]} 43. Kf4 {[%emt 0:00:13]} Rxa5 {[%emt 0:00:03]} 44. Qd6 {[%emt 0:00:11]} Rd5 {[%emt 0:00:55]} 45. Qe7 {[%emt 0:00:06]} Rf5+ {[%emt 0:00:09]} 46. Kg3 {[%emt 0:00:01]} Kh7 {[%emt 0:00:20]} 47. Qd6 {[%emt 0:00:08]} Ra4 {[%emt 0:00:16]} 48. h4 {[%emt 0:00:32]} e5 {[%emt 0:00:15]} 49. Qe7 {[%emt 0:00:21]} Raf4 {[%emt 0:00:04]} 50. Kg2 {[%emt 0:00:02]} Rxf3 {[%emt 0:00:13]} 51. Kh2 {[%emt 0:00:02]} Rxf2+ {[%emt 0:00:06]} 52. Kg1 {[%emt 0:00:01]} R2f4 {[%emt 0:00:02]} 53. Kg2 {[%emt 0:00:05]} Rg4+ {[%emt 0:00:03]} 54. Kh3 {[%emt 0:00:01]} e4 {[%emt 0:00:35]} 55. Kh2 {[%emt 0:00:20]} Rff4 {[%emt 0:00:34]} 56. Qe8 {[%emt 0:00:01]} Rxh4+ {[%emt 0:00:04]} 57. Kg3 {[%emt 0:00:01]} Rhg4+ {[%emt 0:00:51]} 58. Kh3 {[%emt 0:00:06]} Rf3+ {[%emt 0:00:25]} 59. Kh2 {[%emt 0:00:01]} Rf6 {[%emt 0:00:02]} 60. Qe7 {[%emt 0:00:16]} Rgf4 {[%emt 0:00:04]} 61. Kg3 {[%emt 0:00:11]} Rf3+ {[%emt 0:00:03]} 62. Kg2 {[%emt 0:00:08]} Re6 {[%emt 0:00:09]} 63. Qf8 {[%emt 0:00:10]} Rf5 {[%emt 0:00:04]} 64. Qb4 {[%emt 0:00:06]} e3 {[%emt 0:00:03]} 65. Kh3 {[%emt 0:00:07]} e2 {[%emt 0:00:06]} 66. Qe1 {[%emt 0:00:01]} Rf1 {[%emt 0:00:03]} 67. Qc3 {[%emt 0:00:02]} 0-1

[Event "World Prestigious University 2019"]
[Site "Tianjin"]
[Date "2019.11.29"]
[Round "10.17"]
[White "Wei, Siyu"]
[Black "Lu, Andrew H"]
[Result "1-0"]
[WhiteElo "2106"]
[BlackElo "2071"]
[PlyCount "44"]
[EventDate "2019.11.26"]
[EventType "team-tourn"]
[EventCountry "CHN"]
[TimeControl "1500+10"]
[WhiteClock "0:15:29"]
[BlackClock "0:17:07"]

1. d4 {[%emt 0:00:00]} Nf6 {[%emt 0:00:00]} 2. Bg5 {[%emt 0:00:00]} Ne4 {[%emt 0:00:00]} 3. Bf4 {[%emt 0:00:01]} c5 {[%emt 0:00:00]} 4. d5 {[%emt 0:00:42]} Qb6 {[%emt 0:00:24]} 5. Qc1 {[%emt 0:00:07]} e6 {[%emt 0:00:24]} 6. dxe6 {[%emt 0:00:38]} dxe6 {[%emt 0:00:30]} 7. Nf3 {[%emt 0:00:08]} Be7 {[%emt 0:00:28]} 8. e3 {[%emt 0:00:06]} O-O {[%emt 0:00:46]} 9. Bd3 {[%emt 0:00:04]} Nf6 {[%emt 0:00:21]} 10. Nbd2 {[%emt 0:00:32]} Nd5 {[%emt 0:00:44]} 11. Bg3 {[%emt 0:01:31]} Nc6 {[%emt 0:00:26]} 12. c3 {[%emt 0:00:26]} Qd8 {[%emt 0:00:51]} 13. Qc2 {[%emt 0:01:03]} h6 {[%emt 0:01:02]} 14. O-O {[%emt 0:02:12]} b6 {[%emt 0:01:10]} 15. Rfd1 {[%emt 0:00:18]} Bb7 {[%emt 0:00:45]} 16. Nc4 {[%emt 0:01:56]} b5 {[%emt 0:01:09]} 17. Nce5 {[%emt 0:00:04]} Nxe5 {[%emt 0:00:21]} 18. Nxe5 {[%emt 0:00:02]} c4 {[%emt 0:01:37]} 19. Bh7+ {[%emt 0:00:24]} Kh8 {[%emt 0:00:01]} 20. e4 {[%emt 0:00:19]} Ne3 {[%emt 0:00:26]} 21. fxe3 {[%emt 0:00:12]} Qc8 {[%emt 0:01:36]} 22. Bg6 {[%emt 0:00:48]} Qe8 1-0

[Event "World Prestigious University 2019"]
[Site "Tianjin"]
[Date "2019.11.29"]
[Round "10.18"]
[White "Papanek, Ella"]
[Black "Lu, Hongyi"]
[Result "1-0"]
[WhiteElo "1777"]
[BlackElo "1862"]
[PlyCount "77"]
[EventDate "2019.11.26"]
[EventType "team-tourn"]
[EventCountry "CHN"]
[TimeControl "1500+10"]
[WhiteClock "0:00:15"]
[BlackClock "0:00:27"]

1. d4 {[%emt 0:00:00]} Nf6 {[%emt 0:00:00]} 2. c4 {[%emt 0:00:00]} e6 {[%emt 0:00:00]} 3. Nc3 {[%emt 0:00:00]} d5 {[%emt 0:00:00]} 4. cxd5 {[%emt 0:00:00]} exd5 {[%emt 0:00:04]} 5. Bg5 {[%emt 0:00:02]} c6 {[%emt 0:00:26]} 6. e3 {[%emt 0:00:02]} h6 {[%emt 0:00:19]} 7. Bh4 {[%emt 0:00:03]} Bd6 {[%emt 0:02:14]} 8. Bd3 {[%emt 0:00:30]} Be6 {[%emt 0:00:49]} 9. Nge2 {[%emt 0:00:17]} O-O {[%emt 0:00:59]} 10. Rc1 {[%emt 0:00:23]} Nbd7 {[%emt 0:00:29]} 11. f3 {[%emt 0:00:10]} Re8 {[%emt 0:02:02]} 12. e4 {[%emt 0:00:57]} Be7 {[%emt 0:02:12]} 13. e5 {[%emt 0:00:41]} Nh7 {[%emt 0:00:28]} 14. Bg3 {[%emt 0:00:17]} c5 {[%emt 0:00:27]} 15. f4 {[%emt 0:00:16]} f5 {[%emt 0:02:31]} 16. Bf2 {[%emt 0:01:49]} Nhf8 {[%emt 0:01:00]} 17. Ng3 {[%emt 0:00:21]} g6 {[%emt 0:00:07]} 18. Qf3 {[%emt 0:01:16]} cxd4 {[%emt 0:00:22]} 19. Bxd4 {[%emt 0:00:30]} Bc5 {[%emt 0:02:06]} 20. Nge2 {[%emt 0:01:45]} Rc8 {[%emt 0:01:57]} 21. a3 {[%emt 0:05:05]} Bxd4 {[%emt 0:00:51]} 22. Nxd4 {[%emt 0:00:03]} Nc5 {[%emt 0:01:58]} 23. Bb5 {[%emt 0:03:34]} Re7 {[%emt 0:00:24]} 24. O-O {[%emt 0:02:29]} a6 {[%emt 0:00:06]} 25. Be2 {[%emt 0:00:29]} Ne4 {[%emt 0:00:41]} 26. Rfd1 {[%emt 0:00:20]} Qb6 {[%emt 0:00:18]} 27. Na4 {[%emt 0:03:58]} Qa7 {[%emt 0:01:08]} 28. Rxc8 {[%emt 0:00:32]} Bxc8 {[%emt 0:00:02]} 29. b4 {[%emt 0:00:32]} Ne6 {[%emt 0:00:44]} 30. Qe3 {[%emt 0:00:20]} Rc7 {[%emt 0:01:11]} 31. Nxf5 {[%emt 0:00:44]} Qxe3+ {[%emt 0:00:13]} 32. Nxe3 {[%emt 0:00:03]} Nxf4 {[%emt 0:00:53]} 33. Bf3 {[%emt 0:00:22]} Be6 {[%emt 0:01:12]} 34. Bxe4 {[%emt 0:01:28]} dxe4 {[%emt 0:00:03]} 35. Nc5 {[%emt 0:00:15]} Ne2+ {[%emt 0:01:48]} 36. Kf2 {[%emt 0:00:19]} Nc3 {[%emt 0:00:05]} 37. Rd8+ {[%emt 0:00:30]} Kf7 {[%emt 0:00:01]} 38. Rh8 {[%emt 0:00:22]} Bd7 {[%emt 0:00:55]} 39. e6+ {[%emt 0:00:19]} 1-0

[Event "World Prestigious University 2019"]
[Site "Tianjin"]
[Date "2019.11.29"]
[Round "11.1"]
[White "Weichao, Chu"]
[Black "TannerAustin, McNamara"]
[Result "1/2-1/2"]
[WhiteElo "2423"]
[BlackElo "1983"]
[PlyCount "101"]
[EventDate "2019.11.26"]
[EventType "team-tourn"]
[EventCountry "CHN"]
[TimeControl "1500+10"]
[WhiteClock "0:00:54"]
[BlackClock "0:00:37"]

1. d4 {[%emt 0:00:11]} d5 {[%emt 0:00:00]} 2. c4 {[%emt 0:00:19]} c6 {[%emt 0:00:06]} 3. Nf3 {[%emt 0:00:03]} Nf6 {[%emt 0:00:02]} 4. Nbd2 {[%emt 0:00:03]} g6 {[%emt 0:00:36]} 5. e3 {[%emt 0:00:28]} Bg7 {[%emt 0:00:03]} 6. Be2 {[%emt 0:00:02]} O-O {[%emt 0:00:03]} 7. O-O {[%emt 0:00:03]} a6 {[%emt 0:01:13]} 8. b3 {[%emt 0:00:35]} Nbd7 {[%emt 0:00:57]} 9. Bb2 {[%emt 0:01:12]} Ne4 {[%emt 0:03:16]} 10. cxd5 {[%emt 0:02:08]} cxd5 {[%emt 0:00:02]} 11. Ne5 {[%emt 0:01:01]} Nxe5 {[%emt 0:02:46]} 12. dxe5 {[%emt 0:00:12]} Qa5 {[%emt 0:00:13]} 13. Nf3 {[%emt 0:05:37]} Be6 {[%emt 0:01:07]} 14. Qe1 {[%emt 0:01:43]} Qxe1 {[%emt 0:02:29]} 15. Rfxe1 {[%emt 0:00:02]} Rfc8 {[%emt 0:00:35]} 16. Rac1 {[%emt 0:00:29]} Rxc1 {[%emt 0:00:37]} 17. Rxc1 {[%emt 0:00:01]} Rc8 {[%emt 0:00:01]} 18. Rxc8+ {[%emt 0:00:03]} Bxc8 {[%emt 0:00:01]} 19. h3 {[%emt 0:00:02]} Kf8 {[%emt 0:00:55]} 20. Bd4 {[%emt 0:00:41]} Ke8 {[%emt 0:00:33]} 21. Bd3 {[%emt 0:01:05]} f5 {[%emt 0:03:50]} 22. exf6 {[%emt 0:00:23]} Nxf6 {[%emt 0:01:21]} 23. g4 {[%emt 0:01:38]} Kf8 {[%emt 0:01:08]} 24. Ng5 {[%emt 0:00:50]} Kg8 {[%emt 0:00:12]} 25. f4 {[%emt 0:01:33]} Ne8 {[%emt 0:00:57]} 26. Kg2 {[%emt 0:01:06]} Bxd4 {[%emt 0:00:37]} 27. exd4 {[%emt 0:00:02]} Nd6 {[%emt 0:00:02]} 28. Kg3 {[%emt 0:00:13]} Bd7 {[%emt 0:00:56]} 29. Nf3 {[%emt 0:01:03]} Bb5 {[%emt 0:00:29]} 30. Bc2 {[%emt 0:00:57]} Be2 {[%emt 0:02:02]} 31. Ng1 {[%emt 0:00:54]} Bb5 {[%emt 0:00:21]} 32. Kf2 {[%emt 0:01:41]} a5 {[%emt 0:00:02]} 33. Nf3 {[%emt 0:00:16]} Kg7 {[%emt 0:00:35]} 34. Ne5 {[%emt 0:00:14]} Be8 {[%emt 0:00:31]} 35. Bd3 {[%emt 0:00:39]} b5 {[%emt 0:00:32]} 36. a3 {[%emt 0:01:16]} Nf7 {[%emt 0:01:04]} 37. Ke3 {[%emt 0:00:26]} Nd6 {[%emt 0:00:08]} 38. Be2 {[%emt 0:00:35]} Nf7 {[%emt 0:00:06]} 39. Bf3 {[%emt 0:00:13]} e6 {[%emt 0:00:02]} 40. Nd3 {[%emt 0:01:26]} Nd6 {[%emt 0:00:05]} 41. Nc5 {[%emt 0:00:03]} Kf6 {[%emt 0:00:03]} 42. Be2 {[%emt 0:00:15]} Ke7 {[%emt 0:00:12]} 43. h4 {[%emt 0:00:08]} h5 {[%emt 0:00:35]} 44. Bd1 {[%emt 0:00:13]} Kf6 {[%emt 0:00:07]} 45. g5+ {[%emt 0:00:12]} Ke7 {[%emt 0:00:02]} 46. Bc2 {[%emt 0:00:01]} Bf7 {[%emt 0:00:27]} 47. Bd3 {[%emt 0:00:06]} Be8 {[%emt 0:00:04]} 48. Kd2 {[%emt 0:00:11]} Bf7 {[%emt 0:00:19]} 49. Ke3 {[%emt 0:00:16]} Be8 {[%emt 0:00:01]} 50. Kd2 {[%emt 0:00:01]} Bf7 {[%emt 0:00:01]} 51. Ke3 {[%emt 0:00:02]} 1/2-1/2

[Event "World Prestigious University 2019"]
[Site "Tianjin"]
[Date "2019.11.29"]
[Round "11.2"]
[White "Lei, Sean"]
[Black "Wei, Siyu"]
[Result "0-1"]
[WhiteElo "1895"]
[BlackElo "2106"]
[PlyCount "96"]
[EventDate "2019.11.26"]
[EventType "team-tourn"]
[EventCountry "CHN"]
[TimeControl "1500+10"]
[WhiteClock "0:00:48"]
[BlackClock "0:00:21"]

1. e4 {[%emt 0:00:00]} c5 {[%emt 0:00:00]} 2. Nf3 {[%emt 0:00:00]} e6 {[%emt 0:00:00]} 3. c3 {[%emt 0:00:01]} d5 {[%emt 0:00:08]} 4. d3 {[%emt 0:01:00]} dxe4 {[%emt 0:00:18]} 5. dxe4 {[%emt 0:00:01]} Qxd1+ {[%emt 0:00:02]} 6. Kxd1 {[%emt 0:00:02]} b6 {[%emt 0:01:00]} 7. Bb5+ {[%emt 0:00:33]} Bd7 {[%emt 0:00:29]} 8. Bxd7+ {[%emt 0:00:04]} Nxd7 {[%emt 0:00:01]} 9. Bf4 {[%emt 0:00:27]} Ngf6 {[%emt 0:00:41]} 10. Nbd2 {[%emt 0:00:08]} Nh5 {[%emt 0:03:28]} 11. Be3 {[%emt 0:00:21]} Bd6 {[%emt 0:00:07]} 12. Nc4 {[%emt 0:00:30]} Bc7 {[%emt 0:01:33]} 13. a4 {[%emt 0:02:20]} Nhf6 {[%emt 0:00:19]} 14. Nfd2 {[%emt 0:01:17]} Ng4 {[%emt 0:00:08]} 15. f3 {[%emt 0:01:02]} Nxe3+ {[%emt 0:00:03]} 16. Nxe3 {[%emt 0:00:02]} Ke7 {[%emt 0:00:53]} 17. Ke2 {[%emt 0:00:16]} Rhd8 {[%emt 0:00:21]} 18. Ndc4 {[%emt 0:00:31]} a6 {[%emt 0:00:14]} 19. Na3 {[%emt 0:02:18]} Ne5 {[%emt 0:01:25]} 20. Rad1 {[%emt 0:01:14]} Nc6 {[%emt 0:01:37]} 21. g3 {[%emt 0:01:14]} Rab8 {[%emt 0:00:47]} 22. Rxd8 {[%emt 0:00:06]} Nxd8 {[%emt 0:00:36]} 23. b4 {[%emt 0:05:04]} cxb4 {[%emt 0:01:32]} 24. cxb4 {[%emt 0:00:04]} Bd6 {[%emt 0:00:10]} 25. Rb1 {[%emt 0:02:21]} a5 {[%emt 0:02:25]} 26. Nac2 {[%emt 0:00:13]} axb4 {[%emt 0:00:17]} 27. Nxb4 {[%emt 0:00:15]} Ra8 {[%emt 0:00:23]} 28. Nd3 {[%emt 0:01:23]} Ra6 {[%emt 0:04:16]} 29. Nc4 {[%emt 0:00:54]} Bc7 {[%emt 0:00:18]} 30. Ke3 {[%emt 0:01:15]} Rxa4 {[%emt 0:00:55]} 31. Nxb6 {[%emt 0:00:12]} Ra2 {[%emt 0:00:02]} 32. Nf2 {[%emt 0:01:39]} Rc2 {[%emt 0:01:37]} 33. Na4 {[%emt 0:01:04]} Nc6 {[%emt 0:01:02]} 34. Rb2 {[%emt 0:00:32]} Rc4 {[%emt 0:01:05]} 35. Ra2 {[%emt 0:02:03]} Nb4 {[%emt 0:00:26]} 36. Rd2 {[%emt 0:00:07]} Nc6 {[%emt 0:01:13]} 37. Nb2 {[%emt 0:00:05]} Bb6+ {[%emt 0:00:01]} 38. Kf4 {[%emt 0:00:27]} Rc5 {[%emt 0:00:50]} 39. Nbd3 {[%emt 0:00:06]} Ra5 {[%emt 0:00:20]} 40. Rb2 {[%emt 0:00:07]} Bd4 {[%emt 0:00:16]} 41. Rc2 {[%emt 0:00:03]} Kd7 {[%emt 0:00:14]} 42. h4 {[%emt 0:00:12]} h5 {[%emt 0:00:01]} 43. g4 {[%emt 0:00:04]} hxg4 {[%emt 0:00:09]} 44. Nxg4 {[%emt 0:00:14]} e5+ {[%emt 0:00:06]} 45. Kg5 {[%emt 0:00:18]} Nd8 {[%emt 0:00:07]} 46. Kf5 {[%emt 0:00:07]} Ne6 {[%emt 0:00:08]} 47. Ndxe5+ {[%emt 0:00:11]} Ke7 {[%emt 0:00:06]} 48. Rc6 {[%emt 0:00:12]} g6# {[%emt 0:00:03]} 0-1